Statistics for Geography of Greece Quiz

Click here to take the quiz!

General Stats

  • This quiz has been taken 486 times
  • The average score is 15 of 22

Answer Stats

QuestionAnswer% Correct
What is the name of the largest island of Greece?Crete
97%
What is the name of the highest mountain in Greece?Mount {Olympus}
97%
What sea is situated between Greece and Turkey?{Aegean} Sea
87%
What is the term for someone from the island of Lesbos?Lesbian
83%
What Christian church/branch has the most followers in Greece?Greek {Orthodox}
81%
What is the second-most populated city in Greece?Thessaloniki
81%
With what country did Greece have a naming dispute until 2019?North Macedonia
79%
The harbor of what island was guarded by a marvelous colossus in the antiquity?Rhodes
78%
Many of what famous Athenian temple's artifacts reside in the British Museum?Parthenon
75%
On what peninsula is most of Greece located?Balkans
74%
What peninsula gave its name to the war that was fought between Athens and Sparta?Peloponnese
70%
What is situated between Greece and Italy?{Ionian} Sea
68%
What is the most populous city on that island?Heraklion
67%
What Greek island is famous for its white houses, with blue roofs and a windmill?Santorini
65%
What is the Greek term for "Greece"?Hellas
64%
What is the name of the isthmus that connects those two peninsulas to each other?
(Hint: Namesake of a city-state that gave its name to a type of column)
Isthmus of {Corinth}
56%
What is a term for a citadel built on an area of elevated ground with steep cliffs?Acropolis
53%
What vegetable is Moussaka mainly made from?Eggplant
53%
What is the birth country of the greatest number of foreign-born Greek residents?Albania
51%
What ancient region, starting with the letter T, is shared by Greece, Bulgaria and Turkey?Thrace
50%
What is the westernmost major island of Greece?Corfu
47%
What Greek city, starting with P, was the site of Saint Andrew's martyrdom,
according to the Christian tradition?
Patras
32%

Score Distribution

Percentile by Number Answered

Percent of People with Each Score

Your Score History

You have not taken this quiz